Dunajská ul. v Bratislave - rekonštrukcia verejného priestoru

Salvato in:
Dettagli Bibliografici
Autore principale: Sluka, Andrej (Autore)
Altri autori: Boháčová, Katarína, 1984- (Relatore della tesi)
Natura: Manoscritto Libro
Lingua:slovacco
Pubblicazione: Bratislava 2015
Soggetti:
Accesso online:http://is.stuba.sk/zp/portal_zp.pl?podrobnosti=94249
Tags: Aggiungi Tag
Nessun Tag, puoi essere il primo ad aggiungerne!!

MARC

LEADER 00000ntm a22000003a 4500
001 stuzp52066
003 SK-STU
005 20210302095503.8
007 ta
008 150427s2015----xo-----f-mn---000-0-slo-d
040 |a STU  |b slo 
041 0 |a slo 
100 1 |a Sluka, Andrej  |u 056160  |4 aut  |U FAD Fakulta architektúry  |T FA Ústav urbanizmu a územného plánovania  |X 62258  |U A6160  |Y 397  |7 62258 
242 0 1 |a Dunajská street, reconstruction of public space  |y eng 
245 1 0 |a Dunajská ul. v Bratislave - rekonštrukcia verejného priestoru 
260 |c 2015  |a Bratislava 
650 4 |a ulica  |2 slo 
650 4 |a námestie  |2 slo 
650 4 |a pešia zóna  |2 slo 
650 4 |a šport  |2 slo 
650 4 |a atraktivita  |2 slo 
650 4 |a prepojenie  |2 slo 
650 4 |a funkčnosť  |2 slo 
650 4 |a street  |2 eng 
650 4 |a square  |2 eng 
650 4 |a sport  |2 eng 
650 4 |a pedestrian zone  |2 eng 
650 4 |a attractivness  |2 eng 
650 4 |a connection  |2 eng 
650 4 |a functionality  |2 eng 
700 1 |a Boháčová, Katarína,  |d 1984-  |4 ths  |X 18886  |7 A000018886 
856 4 |u http://is.stuba.sk/zp/portal_zp.pl?podrobnosti=94249  |u https://opac.crzp.sk/?fn=detailBiblioForm&sid=367CD704F5D5570C76E1F3DE3652 
SQL |a stuzp52066  |b DBP  |c SLO  |d Dunajská ul. v Bratislave - rekonštrukcia verejného priestoru  |e 62258  |f Sluka, Andrej  |g 056160  |h 18886  |i Boháčová, Katarína  |j 20150611  |k 149  |l 05  |m http://is.stuba.sk/zp/portal_zp.pl?podrobnosti=94249  |n B-AU  |o 5.1.1. architektúra a urbanizmus